Anagrammes - Titres de films en un seul mot - Série 02 - Statistiques

Statistiques générales
  • Ce quiz a été pris 184 fois
  • Le résultat moyen est 4 sur 10
Statistiques - réponses
Indices Anagramme Film % Correct
2009 - James Cameron VATARA Avatar
94%
2002 - Costa Gavras MANE Amen
74%
2016 - Claudio Cupellini KASALA Alaska
68%
1956 - Anatole Litvak ASATINASA Anastasia
67%
2007 - David J. Burke LAMINA Animal
48%
1984 - Milos Forman AUDAMES Amadeus
23%
2004 - Oliver Stone XALARDEEN Alexandre
21%
2015 - Barbet Schroeder AMENAIS Amnesia
13%
1970 - catastrophe PRIORAT Airport
12%
1960 - Abel Gance ZALTRUISTE Austerlitz
4%
Aucun quiz correspondant
Distribution des résultats
% des personnes avec chaque résultat
Percentile par nombre de réponses
Votre historique - résultats
Vous n’avez pas pris ce quiz